header

Asymptotic models of fields in dilute and densely packed composites (Record no. 222792)

MARC details
000 -LEADER
fixed length control field 01543nam a2200361Ia 4500
100 1# - MAIN ENTRY--AUTHOR NAME
Personal name Movchan, A. B.
245 10 - TITLE STATEMENT
Title Asymptotic models of fields in dilute and densely packed composites
260 ## - PUBLICATION, DISTRIBUTION, ETC. (IMPRINT)
Place of publication London :
Name of publisher Imperial College Press ;
Place of publication River Edge, NJ :
Name of publisher World Scientific Pub. [distributor],
Year of publication c2002.
300 ## - PHYSICAL DESCRIPTION
Number of Pages xi, 190 p. :
Other physical details ill.
650 #0 - SUBJECT ADDED ENTRY--TOPICAL TERM
Topical Term Boundary value problems
Topical Term Composite materials
Topical Term Differential equations, Partial
Topical Term Elasticity.
Topical Term Electromagnetism.
700 1# - ADDED ENTRY--PERSONAL NAME
Personal name Movchan, N. V.
Personal name Poulton, C. G.
856 40 - ELECTRONIC LOCATION AND ACCESS
Uniform Resource Identifier http://site.ebrary.com/lib/rucke/Doc?id=10201305

No items available.

© 2026 Rongo University
Contact us: librarian | system librarian | Rongo university